000 00615nam a2200181 a 4500
001 000672018
003 AM-YeHGA
005 20250617142013.0
008 090703s1964 ||| r 000 0 rus d
040 _aAM-YeHGA
041 1 _arus
_hukr
100 1 _aВоронько, Платон Никитович
245 1 0 _aДоброта :
_bНовая книга: Перевод с украинского /
_cПлатон Воронько.
260 _aМосква :
_bСов. писатель,
_c1964.
300 _a120 с. :
_bпортр.
653 0 _aУкраинская литература
090 _c250822
999 _c249227
_d249227